000 01283nac a22003371i 4500
003 EG-ScBUE
005 20250311092545.0
008 250311t2006 nyua f b 001 0 eng d
020 _a0071455469 (acid-free paper)
020 _a9780071455466
035 _a(OCoLC)ocm58554878
040 _aEG-ScBUE
_beng
_erda
_dEG-ScBUE
_cEG-ScBUE
082 0 4 _a530.12
_bMCM
_222
100 1 _aMcMahon, David,
_eauthor.
245 1 0 _aQuantum mechanics demystified /
_cDavid McMahon.
264 1 _aNew York :
_bMcGraw-Hill,
_c[2006]
264 4 _cc2006
300 _axi, 393 pages :
_billustrations ;
_c24 cm.
336 _2rdacontent
_atext
_btxt
337 _aunmediated
_2rdamedia
_bn
338 _avolume
_bnc
_2rdacarrier
490 1 _aDemystified series
500 _a"A self-teaching guide"--Cover.
504 _aIncludes bibliographical references and index.
650 7 _aQuantum theory.
_2BUEsh
655 _vReading book
856 4 2 _3Contributor biographical information
_uhttp://www.loc.gov/catdir/enhancements/fy0625/2005050547-b.html
856 4 2 _3Publisher description
_uhttp://www.loc.gov/catdir/enhancements/fy0625/2005050547-d.html
856 4 2 _3Table of contents only
_uhttp://www.loc.gov/catdir/enhancements/fy0625/2005050547-t.html
942 _cBB
_2ddc
999 _c2450
_d2450